Zmluva o sprostredkovaní

Sprostredkovateľská zmluva podľa Občianskeho zákonníka. Zmluva o sprostredkovaní podľa Obchodného zákonníka. Nárok na zaplatenie provízie a výška provízie. Náklady sprostredkovateľa v súvislosti so sprostredkovaním. Zánik právneho vzťahu založeného zmluvou o sprostredkovaní.

Na minha lista:
Detalhes bibliográficos
Autor principal: Čurila, Dušan
Formato: Capítulo de Livro
Idioma:eslovaco
Assuntos:
Tags: Adicionar Tag
Sem tags, seja o primeiro a adicionar uma tag!

MARC

LEADER 00000naa a2200000 4500
001 0292160
005 20240417075234.1
041 0 |a slo 
044 |a SK 
245 1 0 |a Zmluva o sprostredkovaní  |c Dušan Čurila 
520 |a Sprostredkovateľská zmluva podľa Občianskeho zákonníka. Zmluva o sprostredkovaní podľa Obchodného zákonníka. Nárok na zaplatenie provízie a výška provízie. Náklady sprostredkovateľa v súvislosti so sprostredkovaním. Zánik právneho vzťahu založeného zmluvou o sprostredkovaní. 
610 2 0 |a zmluvy sprostredkovateľské 
610 2 0 |a úpravy právne 
610 2 0 |a zákonník občiansky 
610 2 0 |a zákonník obchodný 
610 2 0 |a provízie 
610 2 0 |a náklady 
610 2 0 |a vzťahy právne 
610 2 0 |a právo 
100 1 |a Čurila, Dušan